Sports Quiz

Random Sports or Country Quiz

MLB - Foreign Career Wins Leaders Quiz Stats

Quiz not verified by Sporcle

Challenge
Share
Tweet
Embed
Score 0/41 Timer 20:00
0 Plays Today
Wins Name % Correct
219Pedro Martinez
92%
245Dennis Martinez
91.5%
135Ramon Martinez
91.3%
174*Livan Hernandez
89.5%
287Bert Blyleven
80.7%
123Hideo Nomo
76.9%
173Fernando Valenzuela
73%
243Juan Marichal
67.1%
133*Johan Santana
60.7%
284Fergie Jenkins
59.1%
229Luis Tiant
56.3%
124Chan Ho Park
53.2%
161*Bartolo Colon
51.9%
145*Freddy Garcia
48.3%
165*Javier Vazquez
41.9%
125*Carlos Zambrano
37.8%
116Jose Rijo
27.2%
185Mike Cuellar
22.1%
100Mario Soto
20.3%
127Joaquin Andujar
19.3%
126Esteban Loaiza
17.2%
Wins Name % Correct
104*Vicente Padilla
17%
174Camilo Pascual
15.4%
112*Ryan Dempster
13.6%
102Wilson Alvarez
12.6%
194Dolf Luque
11.8%
104Ismael Valdez
11.8%
129Pedro Astacio
11.1%
101*Miguel Batista
10.5%
284Tony Mullane
9.3%
101Kelvim Escobar
8.5%
247Jack Quinn
8%
104*Joel Pineiro
6.2%
234Tommy Bond
5.4%
117Pedro Ramos
4.6%
265Jim McCormick
4.1%
116Jaime Navarro
3.9%
105Reggie Cleveland
2.8%
131Juan Pizarro
2.6%
106Kirk McCaskill
2.3%
145Pretzels Getzein
2.1%

You're not logged in!

Compare scores with friends on all Sporcle quizzes.
Sign Up with Email
OR
Log In

You Might Also Like...

Show Comments

Extras

Top Quizzes Today


Score Distribution

Your Account Isn't Verified!

In order to create a playlist on Sporcle, you need to verify the email address you used during registration. Go to your Sporcle Settings to finish the process.

Report this User

Report this user for behavior that violates our Community Guidelines.

Details: